[Event "2BLW 2223 Aachener SV - SG Porz"]
[Site "?"]
[Date "2023.03.19"]
[Round "10.8"]
[White "Breitkopf-Lazar, Patrick-Robert"]
[Black "Finke, Kai"]
[Result "1/2-1/2"]
[WhiteElo "1708"]
[BlackElo "2132"]
[PlyCount "82"]
[EventDate "2023.??.??"]

1. e4 c5 2. Nf3 d6 3. d4 cxd4 4. Nxd4 Nf6 5. Nc3 g6 6. f3 Bg7 7. Be3 Nc6 8. Qd2 O-O 9. Be2 d5 10. Nxd5 Nxd5 11. exd5 Qxd5 12. Nxc6 Qxc6 13. c3 Be6 14. O-O Rfd8 15. Qc2 a5 16. a4 Bc4 17. Rfd1 Rxd1+ 18. Qxd1 h5 19. Bxc4 Qxc4 20. Qf1 Qb3 21. Qb5 Qxb5 22. axb5 a4 23. Bb6 Kf8 24. Kf2 Be5 25. h3 Ke8 26. Ke3 Bd6 27. Kd4 a3 28. bxa3 Rxa3 29. Rxa3 Bxa3 30. c4 Kd7 31. c5 Bb2+ 32. Kc4 Bc1 33. Ba5 Bf4 34. Kd5 e6+ 35. Ke4 Bg3 36. Bc3 Bf2 37. Bd4 Bg3 38. f4 Bh4 39. Kf3 Be1 40. Ke4 Bh4 41. Kf3 Be1 1/2-1/2

[Event "2BLW 2223 SC Siegburg - SF Neuberg"]
[Site "?"]
[Date "2023.03.19"]
[Round "10.1"]
[White "Lubbe, Nikolas"]
[Black "Kovchan, Alexander"]
[Result "0-1"]
[WhiteElo "2498"]
[BlackElo "2447"]
[PlyCount "86"]
[EventDate "2023.??.??"]

1. d4 Nf6 2. Nf3 g6 3. c4 Bg7 4. e3 O-O 5. Be2 c5 6. d5 e6 7. Nc3 d6 8. O-O Re8 9. e4 exd5 10. exd5 Bg4 11. h3 Bxf3 12. Bxf3 Nbd7 13. Bg5 h6 14. Be3 Nh7 15. Qd2 Ng5 16. Be2 f5 17. Rae1 Nf7 18. Bd1 a6 19. Ne2 Nde5 20. b3 b5 21. Nf4 Ng5 22. Ne6 Nxe6 23. dxe6 bxc4 24. Bxh6 Bxh6 25. Qxh6 Rxe6 26. Qd2 Qf6 27. bxc4 Rae8 28. Qd5 Kg7 29. Ba4 R8e7 30. Rb1 f4 31. Rb8 f3 32. g3 Qf5 33. Bd1 Re8 34. g4 Qf4 35. Rxe8 Rxe8 36. Qxd6 Qh6 37. Bxf3 Nxf3+ 38. Kg2 Rf8 39. Rb1 Rf7 40. Rb3 Qd2 41. Qg3 Nd4 42. Re3 Qxa2 43. Re8 Nf3 0-1

[Event "2BLW 2223 SC Siegburg - SF Neuberg"]
[Site "?"]
[Date "2023.03.19"]
[Round "10.2"]
[White "Baklan, Vladimir"]
[Black "Bethke, Richard"]
[Result "1-0"]
[WhiteElo "2546"]
[BlackElo "2383"]
[PlyCount "81"]
[EventDate "2023.??.??"]

1. e4 e5 2. Nf3 Nc6 3. Bb5 a6 4. Ba4 Nf6 5. O-O Be7 6. d3 b5 7. Bb3 d6 8. a4 Bd7 9. Be3 Na5 10. Ba2 c5 11. axb5 axb5 12. Nc3 O-O 13. Nd5 Nc6 14. c3 Nxd5 15. Bxd5 Qc7 16. Rxa8 Rxa8 17. Ng5 Bxg5 18. Bxg5 Rb8 19. f4 exf4 20. d4 cxd4 21. cxd4 Nb4 22. Bxf7+ Kxf7 23. Bxf4 Kg8 24. Qb3+ Qc4 25. Qxc4+ bxc4 26. Bxd6 Na6 27. Bxb8 Nxb8 28. d5 Bb5 29. Ra1 Nd7 30. Kf2 Nc5 31. Ke3 Nd3 32. Kd4 Kf8 33. Ra7 Nf4 34. Rb7 Ne2+ 35. Kc5 c3 36. bxc3 Bd3 37. e5 Be4 38. c4 Bxg2 39. Kd6 Nd4 40. Rb8+ Kf7 41. e6+ 1-0

[Event "2BLW 2223 SC Siegburg - SF Neuberg"]
[Site "?"]
[Date "2023.03.19"]
[Round "10.3"]
[White "Lubbe, Melanie"]
[Black "Hoffmann, Michael"]
[Result "1/2-1/2"]
[WhiteElo "2247"]
[BlackElo "2420"]
[PlyCount "32"]
[EventDate "2023.??.??"]

1. e4 c5 2. Nf3 Nc6 3. d4 cxd4 4. Nxd4 Nf6 5. Nc3 e5 6. Ndb5 d6 7. Bg5 a6 8. Na3 b5 9. Nd5 Be7 10. Bxf6 Bxf6 11. c3 Ne7 12. Nxf6+ gxf6 13. Nc2 Bb7 14. a4 Bxe4 15. axb5 axb5 16. Bxb5+ Kf8 1/2-1/2

[Event "2BLW 2223 SC Siegburg - SF Neuberg"]
[Site "?"]
[Date "2023.03.19"]
[Round "10.4"]
[White "Omelja, Artem"]
[Black "Wahedi, Ahmad Siar"]
[Result "1/2-1/2"]
[WhiteElo "2435"]
[BlackElo "2256"]
[PlyCount "94"]
[EventDate "2023.??.??"]

1. Nf3 c5 2. c4 Nc6 3. Nc3 g6 4. e3 Nf6 5. d4 d6 6. d5 Na5 7. b3 Bg7 8. Bb2 O-O 9. Bd3 e6 10. e4 exd5 11. exd5 Re8+ 12. Kf1 a6 13. h3 b5 14. Rb1 bxc4 15. bxc4 Rb8 16. Qc2 Rb4 17. Nd1 Qb6 18. Nd2 Bd7 19. Bc3 Rxb1 20. Qxb1 Qxb1 21. Nxb1 Nb7 22. g4 Ne4 23. Bxg7 Kxg7 24. Bxe4 Rxe4 25. Nd2 Re8 26. f4 Na5 27. Kf2 h5 28. Ne3 Rb8 29. Rb1 Rxb1 30. Nxb1 hxg4 31. hxg4 f5 32. g5 Kf7 33. Ke2 Ke7 34. Kd2 Ba4 35. Kc3 Kf7 36. Nd2 Nb7 37. Nf3 Na5 38. Nh4 Bd7 39. Kb2 Nb7 40. Ka3 Na5 41. Nf3 Ke7 42. Ne1 Nb7 43. Nd3 Na5 44. Nf2 Kd8 45. Nf1 Be8 46. Nd2 Nb7 47. Nd3 Kc7 1/2-1/2

[Event "2BLW 2223 SC Siegburg - SF Neuberg"]
[Site "?"]
[Date "2023.03.19"]
[Round "10.5"]
[White "Lutz, Klaus-Juergen"]
[Black "Zavgorodniy, Sergiy"]
[Result "1/2-1/2"]
[WhiteElo "2263"]
[BlackElo "2415"]
[PlyCount "54"]
[EventDate "2023.??.??"]

1. e4 e5 2. Nf3 d6 3. d4 exd4 4. Nxd4 Nf6 5. Nc3 Be7 6. Bc4 O-O 7. O-O c6 8. Re1 Nbd7 9. Nf5 Ne5 10. Nxe7+ Qxe7 11. Bf1 b5 12. Bf4 Re8 13. a3 a5 14. b3 Bg4 15. f3 Bh5 16. Kh1 Rad8 17. Qe2 h6 18. Qf2 g5 19. Be3 Bg6 20. Bb6 Ra8 21. Bd4 Nh5 22. Ne2 Qf6 23. Rad1 Ng7 24. a4 bxa4 25. bxa4 h5 26. f4 gxf4 27. Nxf4 Qg5 1/2-1/2

[Event "2BLW 2223 SC Siegburg - SF Neuberg"]
[Site "?"]
[Date "2023.03.19"]
[Round "10.6"]
[White "Roshka, Yevgeniy"]
[Black "Schaffer, Hendrik"]
[Result "1/2-1/2"]
[WhiteElo "2504"]
[BlackElo "2228"]
[PlyCount "118"]
[EventDate "2023.??.??"]

1. d4 g6 2. e4 Bg7 3. Nf3 c6 4. Nc3 d5 5. h3 Nf6 6. Bd3 dxe4 7. Nxe4 Nxe4 8. Bxe4 Bf5 9. Qd3 Bxe4 10. Qxe4 Qd5 11. Qh4 Bf6 12. Qg3 c5 13. c3 cxd4 14. Nxd4 Nc6 15. Nxc6 Qxc6 16. O-O O-O 17. Bg5 Rfd8 18. Rad1 Rxd1 19. Rxd1 Qa4 20. Rd2 Qxa2 21. Bxf6 exf6 22. Qf3 Qa6 23. Rd7 Rb8 24. Re7 Qa1+ 25. Kh2 Qxb2 26. Qxf6 Rf8 27. Qf3 b5 28. Rxa7 b4 29. cxb4 Qxb4 30. Rd7 h5 31. Qf6 Qe4 32. Re7 Qf5 33. Qxf5 gxf5 34. Re5 Kg7 35. Rxf5 Kg6 36. Ra5 Rb8 37. Kg3 Rb3+ 38. f3 Rb2 39. Ra8 Kg7 40. h4 f6 41. Ra3 Kg6 42. Kh3 Rb1 43. g4 Rb5 44. Kg3 Rc5 45. Rd3 Ra5 46. Rd4 Rb5 47. Kf4 Ra5 48. Rd6 Ra4+ 49. Kg3 hxg4 50. fxg4 Ra3+ 51. Kf4 Ra4+ 52. Kf3 Ra3+ 53. Ke4 Rh3 54. h5+ Kg5 55. Rd8 Kxg4 56. Rg8+ Kxh5 57. Rh8+ Kg4 58. Rg8+ Kh5 59. Kf4 Ra3 1/2-1/2

[Event "2BLW 2223 SC Siegburg - SF Neuberg"]
[Site "?"]
[Date "2023.03.19"]
[Round "10.7"]
[White "Eull, Emil"]
[Black "Albrecht, Oliver"]
[Result "1-0"]
[WhiteElo "1905"]
[BlackElo "2158"]
[PlyCount "113"]
[EventDate "2023.??.??"]

1. c4 Nf6 2. Nc3 d5 3. cxd5 Nxd5 4. g3 c5 5. Bg2 Nc7 6. Nf3 Nc6 7. O-O e5 8. d3 Be7 9. Nd2 Bd7 10. Nc4 f6 11. a4 O-O 12. Be3 Rb8 13. a5 Ne6 14. Nd5 Ncd4 15. f4 exf4 16. Nxf4 Kh8 17. Nxe6 Nxe6 18. Qe1 Qc7 19. Qf2 Rbd8 20. b4 b6 21. axb6 axb6 22. Ra6 Bb5 23. Rxb6 Bxc4 24. Rb7 Qd6 25. bxc5 Nxc5 26. Rxe7 Nb3 27. Rb7 Bg8 28. Rb1 Nd4 29. Bxd4 Qxd4 30. Qxd4 Rxd4 31. Re7 Rfd8 32. Rbb7 g6 33. Kf2 f5 34. Bc6 R4d6 35. Be8 Re6 36. Bf7 Rxe7 37. Rxe7 Bxf7 38. Rxf7 Kg8 39. Ra7 Re8 40. Kf3 h6 41. Rd7 Re6 42. d4 Re4 43. e3 h5 44. h4 Kf8 45. d5 Ke8 46. Ra7 Kf8 47. Ra6 Kf7 48. d6 Re5 49. d7 Rd5 50. Ra7 Kf6 51. Kf4 Rd3 52. Ra6+ Kf7 53. Kg5 Rxd7 54. Rf6+ Ke7 55. Rxg6 Rd5 56. Kf4 Rb5 57. Rh6 1-0

[Event "2BLW 2223 SC Siegburg - SF Neuberg"]
[Site "?"]
[Date "2023.03.19"]
[Round "10.8"]
[White "Dzierzenga, Stefan"]
[Black "Buchinger, Alexis"]
[Result "1/2-1/2"]
[WhiteElo "2194"]
[BlackElo "1850"]
[PlyCount "29"]
[EventDate "2023.??.??"]

1. e4 e5 2. Nf3 Nc6 3. Bb5 a6 4. Ba4 d6 5. O-O Bg4 6. h3 Bh5 7. c3 Qf6 8. d3 Nge7 9. Be3 h6 10. Nbd2 g5 11. Re1 Bg7 12. b4 O-O 13. b5 axb5 14. Bxb5 Nd8 15. d4 1/2-1/2

[Event "2BLW 2223 SG Solingen II - SV Oberursel"]
[Site "?"]
[Date "2023.03.19"]
[Round "10.1"]
[White "Heinz, Axel"]
[Black "Krastev, Alexander"]
[Result "1/2-1/2"]
[WhiteElo "2435"]
[BlackElo "2397"]
[PlyCount "48"]
[EventDate "2023.??.??"]

1. e4 c5 2. Nf3 e6 3. b3 d6 4. Bb2 Nf6 5. e5 dxe5 6. Nxe5 Be7 7. Be2 Nbd7 8. Bf3 O-O 9. O-O Qc7 10. Nxd7 Bxd7 11. Na3 Rfd8 12. Nc4 Bc6 13. Re1 Nd7 14. Bxc6 Qxc6 15. a4 Bf6 16. Bxf6 Nxf6 17. Qe2 Rd5 18. Qf3 Qc7 19. Qg3 Qxg3 20. hxg3 Rad8 21. d3 R5d7 22. Kf1 Nd5 23. Ke2 f6 24. Kd2 Kf7 1/2-1/2

[Event "2BLW 2223 SG Solingen II - SV Oberursel"]
[Site "?"]
[Date "2023.03.19"]
[Round "10.2"]
[White "Roseneck, Jonas"]
[Black "Margolin, Boris"]
[Result "1/2-1/2"]
[WhiteElo "2407"]
[BlackElo "2383"]
[PlyCount "75"]
[EventDate "2023.??.??"]

1. c4 e5 2. Nc3 Nf6 3. Nf3 Nc6 4. e3 Bb4 5. Qc2 Bxc3 6. Qxc3 Qe7 7. d4 Ne4 8. Qd3 exd4 9. Nxd4 Nc5 10. Qd1 Nxd4 11. Qxd4 O-O 12. Be2 b6 13. b3 Bb7 14. f3 d6 15. Bb2 f5 16. O-O Rae8 17. Rae1 Qxe3+ 18. Qxe3 Rxe3 19. Bd4 Ree8 20. Bd1 a5 21. Bc2 g6 22. Kf2 Kf7 23. h4 Rxe1 24. Rxe1 Ne6 25. Be3 h5 26. Rd1 Rd8 27. Rg1 d5 28. cxd5 Bxd5 29. g4 hxg4 30. fxg4 f4 31. Bc1 Rh8 32. h5 gxh5 33. gxh5 c5 34. Bf5 Kf6 35. Bxe6 Kxe6 36. Rg5 c4 37. bxc4 Bxc4 38. a3 1/2-1/2

[Event "2BLW 2223 SG Solingen II - SV Oberursel"]
[Site "?"]
[Date "2023.03.19"]
[Round "10.3"]
[White "Dubiel, Jacek"]
[Black "Wegerle, Joerg"]
[Result "1-0"]
[WhiteElo "2367"]
[BlackElo "2409"]
[PlyCount "137"]
[EventDate "2023.??.??"]

1. e4 e5 2. d4 exd4 3. Nf3 Nf6 4. e5 Ne4 5. Qxd4 d5 6. exd6 Nxd6 7. Nc3 Nc6 8. Qf4 Be7 9. Bd2 Be6 10. O-O-O Bf6 11. Bd3 Qd7 12. Ne4 Nxe4 13. Bxe4 Qe7 14. Ng5 Bxg5 15. Qxg5 Qxg5 16. Bxg5 O-O 17. Rhe1 Rfe8 18. Re3 h6 19. Bf4 Re7 20. h4 a5 21. Bxc6 bxc6 22. a4 Kf8 23. b3 Ke8 24. Be5 g6 25. Bf6 Rd7 26. Red3 Ra6 27. Bd4 Ra8 28. Bf6 Ra6 29. Rxd7 Bxd7 30. Bg7 h5 31. Re1+ Be6 32. Re5 Kd7 33. Rc5 Kd6 34. Bd4 Bd5 35. f3 f6 36. Rc3 Ke7 37. Re3+ Be6 38. Bc5+ Kf7 39. Rd3 Ra8 40. Be3 Ke7 41. Bf4 Ra7 42. Rc3 Kd7 43. Rc5 Ra8 44. Bd2 Kd6 45. Rxa5 Rxa5 46. Bxa5 g5 47. hxg5 fxg5 48. Bd2 g4 49. Bf4+ Kd7 50. Kd2 c5 51. Bg3 gxf3 52. gxf3 Bf5 53. c3 Kc6 54. b4 cxb4 55. cxb4 Be6 56. Kc3 Bd5 57. f4 Be4 58. Kc4 Bd5+ 59. Kd4 Bb3 60. a5 Bc2 61. Ke5 Kb5 62. Bf2 Bd3 63. f5 h4 64. Bxh4 c5 65. f6 Bc4 66. a6 Kxa6 67. bxc5 Kb7 68. Kd6 Kc8 69. Ke7 1-0

[Event "2BLW 2223 SG Solingen II - SV Oberursel"]
[Site "?"]
[Date "2023.03.19"]
[Round "10.4"]
[White "Halvax, Georg"]
[Black "Stork, Oliver"]
[Result "1-0"]
[WhiteElo "2444"]
[BlackElo "2369"]
[PlyCount "41"]
[EventDate "2023.??.??"]

1. d4 d5 2. c4 e6 3. Nf3 c6 4. e3 Bd6 5. Nc3 f5 6. Qc2 Nf6 7. h3 O-O 8. g4 Ne4 9. gxf5 exf5 10. cxd5 Nxc3 11. bxc3 cxd5 12. c4 f4 13. Ne5 Nc6 14. Bg2 Bb4+ 15. Ke2 Be6 16. cxd5 f3+ 17. Bxf3 Rxf3 18. dxe6 Nxe5 19. dxe5 Qf8 20. Rh2 Re8 21. Rb1 1-0

[Event "2BLW 2223 SG Solingen II - SV Oberursel"]
[Site "?"]
[Date "2023.03.19"]
[Round "10.5"]
[White "Weber, Samuel"]
[Black "Schlecht, Daniel"]
[Result "0-1"]
[WhiteElo "2259"]
[BlackElo "2355"]
[PlyCount "90"]
[EventDate "2023.??.??"]

1. e4 c5 2. Nf3 d6 3. d4 cxd4 4. Nxd4 Nf6 5. Nc3 a6 6. h3 e5 7. Nde2 h5 8. g3 Be7 9. Bg2 b5 10. Nd5 Nxd5 11. Qxd5 Ra7 12. Be3 Rb7 13. O-O Nd7 14. b3 O-O 15. Qd2 Nf6 16. Nc3 Be6 17. f4 b4 18. Nd1 d5 19. f5 Bc8 20. exd5 Rd7 21. c4 bxc3 22. Nxc3 Bb7 23. Qe2 Bb4 24. Ne4 Bxd5 25. Nxf6+ Qxf6 26. Bxd5 Rxd5 27. Qc4 Qd6 28. a3 Bc5 29. Rfe1 e4 30. Kh2 Bxe3 31. Rxe3 Rd2+ 32. Re2 Rd3 33. Rg1 h4 34. Qxe4 hxg3+ 35. Kh1 Rxb3 36. a4 Rc8 37. Qg4 Qf6 38. Reg2 Rc5 39. Re1 Rxf5 40. Qc4 Rbf3 41. Re8+ Kh7 42. Qe4 g6 43. Qe2 Rf1+ 44. Rg1 R1f2 45. Qe7 Rh2# 0-1

[Event "2BLW 2223 SG Solingen II - SV Oberursel"]
[Site "?"]
[Date "2023.03.19"]
[Round "10.6"]
[White "Schaefer, Markus"]
[Black "Schlamp, Robert"]
[Result "1-0"]
[WhiteElo "2355"]
[BlackElo "2288"]
[PlyCount "51"]
[EventDate "2023.??.??"]

1. e4 e5 2. Nf3 Nc6 3. Bb5 a6 4. Ba4 Nf6 5. O-O Nxe4 6. d4 b5 7. Bb3 d5 8. dxe5 Be6 9. c3 Bc5 10. Qe2 O-O 11. Be3 Be7 12. Rd1 Nc5 13. Bc2 Qd7 14. Nbd2 Bf5 15. Nb3 Bxc2 16. Qxc2 Nxb3 17. axb3 f6 18. c4 Nb4 19. Qc3 c6 20. exf6 Rxf6 21. Bd4 Rf5 22. Bxg7 c5 23. cxb5 d4 24. Bxd4 cxd4 25. Rxd4 Rd5 26. Ne5 1-0

[Event "2BLW 2223 SG Solingen II - SV Oberursel"]
[Site "?"]
[Date "2023.03.19"]
[Round "10.7"]
[White "Yavorovsky, Valeriy"]
[Black "Kononenko, Tatiana"]
[Result "1/2-1/2"]
[WhiteElo "2347"]
[BlackElo "2342"]
[PlyCount "105"]
[EventDate "2023.??.??"]

1. d4 d5 2. Nf3 c6 3. c4 Nf6 4. Nc3 e6 5. e3 Bd6 6. Qc2 Nbd7 7. Be2 O-O 8. O-O Qe7 9. Rd1 dxc4 10. Bxc4 b5 11. Be2 Bb7 12. e4 e5 13. Bg5 h6 14. Bh4 Rac8 15. a3 a5 16. dxe5 Nxe5 17. Nd4 Bb8 18. Nf5 Qe6 19. Bg3 b4 20. axb4 axb4 21. Na4 b3 22. Qb1 c5 23. f3 g6 24. Ne3 c4 25. Bf2 Nh5 26. g3 Nf6 27. Nc3 h5 28. Ncd5 Nxd5 29. Nxd5 f5 30. Ra5 fxe4 31. Qxe4 Qf7 32. f4 Rce8 33. Bxc4 Nxc4 34. Qxc4 Kh7 35. Ne3 Qxc4 36. Nxc4 Rf7 37. Rd3 h4 38. Rxb3 Rd7 39. Ne3 hxg3 40. hxg3 Be4 41. Be1 Ba7 42. Kf1 Bd4 43. Bf2 Bg7 44. Ke2 Bc2 45. Rba3 Ree7 46. b4 Bd1+ 47. Kf1 Bf3 48. Be1 Bd4 49. Kf2 Bh1 50. Ke2 Bd5 51. Bd2 Bb2 52. Kf2 Bb7 53. Ke1 1/2-1/2

[Event "2BLW 2223 SG Solingen II - SV Oberursel"]
[Site "?"]
[Date "2023.03.19"]
[Round "10.8"]
[White "Kniest, Oliver"]
[Black "Dolzhykova, Kateryna"]
[Result "1-0"]
[WhiteElo "2309"]
[BlackElo "2315"]
[PlyCount "113"]
[EventDate "2023.??.??"]

1. d4 Nf6 2. c4 g6 3. Nc3 Bg7 4. e4 d6 5. h3 O-O 6. Be3 c5 7. d5 Nbd7 8. Nf3 Qa5 9. Nd2 e6 10. dxe6 fxe6 11. Be2 Qb6 12. Rb1 Kh8 13. O-O Ng8 14. Nf3 Ne5 15. Qd2 Bd7 16. Rfd1 Nxf3+ 17. Bxf3 Be5 18. b4 Qd8 19. bxc5 Rxf3 20. gxf3 Qh4 21. Kg2 Rf8 22. Ne2 Bc6 23. Ng3 Qf6 24. f4 Bc3 25. Qxc3 Qxc3 26. Bd4+ Qxd4 27. Rxd4 dxc5 28. Rd6 Rxf4 29. Rxe6 Nf6 30. f3 Nd7 31. Rd1 Rf7 32. Ne2 Nb6 33. Rc1 Rd7 34. Kf2 Rd2 35. a3 Kg7 36. Re5 Nd7 37. Re7+ Kf6 38. Rxh7 Ne5 39. Rc3 b5 40. Ke1 Ra2 41. cxb5 Bxb5 42. Nc1 Rh2 43. f4 Nc6 44. Nd3 Nd4 45. Nxc5 g5 46. Rh6+ Kg7 47. fxg5 Kf7 48. Rf6+ Ke7 49. Rf2 Rh1+ 50. Kd2 Kd6 51. Nb3 Ne6 52. Rg3 Rb1 53. Kc2 Re1 54. g6 Rxe4 55. g7 Nxg7 56. Rxg7 Re3 57. Rd2+ 1-0